Cálculo y geometría analítica
Guardat en:
| Autor principal: | |
|---|---|
| Altres autors: | , , , |
| Format: | Llibre |
| Idioma: | Spanish |
| Publicat: |
Madrid : McGraw-Hill,
1999
|
| Matèries: | |
| Etiquetes: |
Afegir etiqueta
Sense etiquetes, Sigues el primer a etiquetar aquest registre!
|
MARC
| LEADER | 00000nam a2200000Ia 4500 | ||
|---|---|---|---|
| 003 | L000821 | ||
| 005 | 20221231143841.0 | ||
| 008 | 140116s1999 sp a 000 ||spa d | ||
| 020 | |a 8448122291 (volumen I) | ||
| 040 | |c cru CEDI | ||
| 082 | |a 517 L334c6 | ||
| 100 | |a Larson, Ron, 1941- |9 19877 | ||
| 245 | |a Cálculo y geometría analítica | ||
| 260 | |c 1999 |a Madrid : McGraw-Hill, | ||
| 300 | |c volúmenes : ilustraciones | ||
| 500 | |a Traducción de: Calculus with analytic geometry, 6. ed. | ||
| 501 | |a En el CEDI solo se encuentra V.I | ||
| 650 | |x CALCULO |x GEOMETRIA ANALITICA |9 19882 | ||
| 700 | |9 19878 |a Hostetler, Robert P. | ||
| 700 | |9 19879 |a Edwards, Bruce H. | ||
| 700 | |9 19880 |a Heyd, David E. | ||
| 700 | |9 19881 |a Abellanas Rapún, Lorenzo |d Traductor/a | ||
| 942 | |2 ddc |c BK | ||
| 999 | |c 13196 |d 13196 | ||



